Calculus : Concepts and contexts
Contents: Funtions and models; Limits and derivatives; Differentiation rules; Applications of differentiation; Integrals; Applications of integration...
Tallennettuna:
| Päätekijä: | |
|---|---|
| Aineistotyyppi: | Kirja |
| Kieli: | Undetermined |
| Julkaistu: |
Australia
Brooks/Cole
2001
|
| Aiheet: | |
| Tagit: |
Lisää tagi
Ei tageja, Lisää ensimmäinen tagi!
|
| Thư viện lưu trữ: | Trung tâm Học liệu Trường Đại học Cần Thơ |
|---|
| LEADER | 00657nam a2200205Ia 4500 | ||
|---|---|---|---|
| 001 | CTU_186814 | ||
| 008 | 210402s9999 xx 000 0 und d | ||
| 082 | |a 515 | ||
| 082 | |b S849 | ||
| 100 | |a Stewart, James | ||
| 245 | 0 | |a Calculus : | |
| 245 | 0 | |b Concepts and contexts | |
| 245 | 0 | |c James Stewart | |
| 260 | |a Australia | ||
| 260 | |b Brooks/Cole | ||
| 260 | |c 2001 | ||
| 520 | |a Contents: Funtions and models; Limits and derivatives; Differentiation rules; Applications of differentiation; Integrals; Applications of integration... | ||
| 650 | |a Calculus,Tính toán | ||
| 904 | |i Giang | ||
| 980 | |a Trung tâm Học liệu Trường Đại học Cần Thơ | ||